| 000 | 00499nam a2200169 i 4500 | ||
|---|---|---|---|
| 001 | 81856 | ||
| 003 | ES-MaACL | ||
| 005 | 20230906174527.0 | ||
| 007 | t| | ||
| 008 | 041108s1957 sp ||||1| spa d | ||
| 100 | 1 |
_aIglesias, Juan. _965083 |
|
| 245 | 1 | 0 |
_aDerecho romano y esencia del Derecho / _cpor Juan Iglesias. |
| 260 |
_aBarcelona : _bAriel, _c1957. |
||
| 300 |
_a43 p. ; _c18 cm. |
||
| 500 | _aEs separata de: Rev. de Derecho Privado. Enero 1956. | ||
| 852 |
_aES-MaACL _j1952-F-20 _bR.41237 |
||
| 999 |
_c81856 _d81856 |
||